PASCABACA / (Record no. 203497)

MARC details
000 -LEADER
fixed length control field 00828nam a2200253 i 4500
005 - DATE AND TIME OF LATEST TRANSACTION
control field 20260406114846.0
008 - FIXED-LENGTH DATA ELEMENTS--GENERAL INFORMATION
fixed length control field 260325s2025 my gr 000 0bmay d
020 ## - INTERNATIONAL STANDARD BOOK NUMBER
International Standard Book Number 9789672275145
Terms of availability RM36.00
Qualifying information paperback
040 ## - CATALOGING SOURCE
Original cataloging agency PPAK
Language of cataloging eng
Transcribing agency PPAK
Description conventions rda
082 04 - DEWEY DECIMAL CLASSIFICATION NUMBER
Edition number 23
Classification number 808.882
090 00 - LOCALLY ASSIGNED LC-TYPE CALL NUMBER (OCLC); LOCAL CALL NUMBER (RLIN)
Classification number (OCLC) (R) ; Classification number, CALL (RLIN) (NR) 808.882
Feature heading ASH
Feature heading G
100 0# - MAIN ENTRY--PERSONAL NAME
Personal name Asha Rashid,
Relator term author.
245 10 - TITLE STATEMENT
Title PASCABACA /
Statement of responsibility, etc. karya Asha Rashid ; Editor: Sayidah Mu'izzah ; Ilustrasi: Sayidah Mu'izzah
264 #1 - PRODUCTION, PUBLICATION, DISTRIBUTION, MANUFACTURE, AND COPYRIGHT NOTICE
Place of production, publication, distribution, manufacture Kajang, Selangor :
Name of producer, publisher, distributor, manufacturer LEGASI OAKHEART,
Date of production, publication, distribution, manufacture, or copyright notice 2025
300 ## - PHYSICAL DESCRIPTION
Extent 112 pages ;
Dimensions 18 cm
336 ## - CONTENT TYPE
Content type term text
Source rdacontent
337 ## - MEDIA TYPE
Media type term unmediated
Source rdamedia
338 ## - CARRIER TYPE
Carrier type term volume
Source rdacarrier
650 10 - SUBJECT ADDED ENTRY--TOPICAL TERM
Topical term or geographic name entry element Books
Form subdivision Reviews
Topical term or geographic name entry element Books
General subdivision Evaluation
Topical term or geographic name entry element Books and reading
700 0# - ADDED ENTRY--PERSONAL NAME
Personal name Sayidah Mu'izzah,
Relator term editor
-- illustrator.
942 ## - ADDED ENTRY ELEMENTS (KOHA)
Source of classification or shelving scheme Dewey Decimal Classification
Koha item type Book
Holdings
Withdrawn Not for loan Current library Shelving location Date acquired Total Checkouts Full call number Barcode Date last seen Koha item type
    Perpustakaan Alor Setar Pinjaman Dewasa 12/04/2026   808.882 ASH A01902362 12/04/2026 Book
    Perpustakaan Awam Sungai Petani Pinjaman Dewasa 12/04/2026   808.882 ASH A01902363 12/04/2026 Book
    Perpustakaan Baling Pinjaman Dewasa 12/04/2026   808.882 ASH A01902367 12/04/2026 Book
    Perpustakaan Bandar Baharu Pinjaman Dewasa 12/04/2026   808.882 ASH A01902368 12/04/2026 Book
    Perpustakaan Jitra Pinjaman Dewasa 12/04/2026   808.882 ASH A01902364 12/04/2026 Book
    Perpustakaan Kuala Nerang Pinjaman Dewasa 12/04/2026   808.882 ASH A01902372 12/04/2026 Book
    Perpustakaan Kulim Pinjaman Dewasa 12/04/2026   808.882 ASH A01902366 12/04/2026 Book
    Perpustakaan Langkawi Pinjaman Dewasa 12/04/2026   808.882 ASH A01902365 12/04/2026 Book
    Perpustakaan Merbok Pinjaman Dewasa 12/04/2026   808.882 ASH A01902369 12/04/2026 Book
    Perpustakaan Pendang Pinjaman Dewasa 12/04/2026   808.882 ASH A01902373 12/04/2026 Book
    Perpustakaan Sik Pinjaman Dewasa 12/04/2026   808.882 ASH A01902371 12/04/2026 Book
    Perpustakaan Yan Pinjaman Dewasa 12/04/2026   808.882 ASH A01902370 12/04/2026 Book